000 00529nam a2200181 4500
001 8727
005 20230410103647.0
008 060907n1999 dr spa
020 _a0691059659
035 _9funglode8800
041 _aEN
050 1 4 _a300 DK 67 S825r 1999
100 _aStent, Angela E.
245 1 _aRussia and Germany reborn :
_bunification, the soviet collapse and the new europe /
_cAngela E. Stent
260 _aPrincenton :
_bUniversity Press,
_c1999
300 _axviii, 300 p.
942 _2lcc
_cbk
999 _c23414
_d23414